000 00524nam a2200169Ia 4500
008 090201s9999 xx 000 0 und d
010 _aKPL-43204
040 _bमराठी
041 _aमराठी
082 _a25386
_b43204
100 _aयोगिनी जोगळेकर
245 _aसार्थक
_cयोगिनी जोगळेकर
260 _c2004
_bदिलीपराज प्रकाशन
300 _a215
_bमोठा
600 _aसार्थक
942 _cBOOK
999 _c224610
_d224610